000 00871cam a2200133 4500500
005 20251130002920.0
041 _afre
042 _adc
100 1 0 _aThayse, André
_eauthor
245 0 0 _aA l'écoute de l'origine : La Genèse autrement
260 _bL'Harmattan,
_c2005.
520 _aL’objet de cet ouvrage est de proposer une lecture des onze premiers chapitres de la Genèse - considérés comme une de ses parties les plus signifiantes - à la lumière des travaux d’auteurs contemporains dont les résultats ne sont souvent accessibles que dans des revues et des ouvrages spécialisés. En particulier, une attention toute spéciale est prêtée au rapport «science-foi» et à la dichotomie «vérité scientifique - vérité humaine».
856 4 1 _uhttps://shs.cairn.info/a-lecoute-de-lorigine--9782747576796?lang=fr&redirect-ssocas=7080
999 _c1565901
_d1565901